Ideas para Chile: aportes de la Centroizquierda

Gespeichert in:
Bibliographische Detailangaben
1. Verfasser: Hardy, Clarisa (VerfasserIn)
Format: Buch
Sprache:Spanisch
Veröffentlicht: Santiago LOM 2010
Ausgabe:1a. ed
Schriftenreihe:Colección Ciencias Humanas
Schlagworte:
Tags: Tag hinzufügen
Keine Tags, Fügen Sie den ersten Tag hinzu!

MARC

LEADER 00000nam a2200000 a 4500
001 UCG2943
003 CL-VaPUC
008 100805e20100000CL |||||||||||||||||spa|d
020 |a 9789560001535 
082 0 4 |a 320  |b HAR  |2 21 
100 |a Hardy, Clarisa  |e author  |9 551650 
245 1 0 |a Ideas para Chile: aportes de la Centroizquierda 
250 |a 1a. ed 
300 |a 346 p 
942 |c BK 
945 |d 20100805 00:00:00  |a cmena 
260 |a Santiago  |b LOM  |c 2010 
500 |a Prólogo de Michelle Bachelet Jeria 
650 0 |a Derechos humanos  |9 223025 
650 0 |a Derechos fundamentales   |9 254841 
650 0 |a Ideologías políticas   |9 255735 
583 |a last modification  |c 20100805 00:00:00  |k Rodrigo Vera 
490 0 |a Colección Ciencias Humanas 
999 |c 342045  |d 342043 
952 |0 0  |1 0  |4 0  |6 320_000000000000000_HAR_2010  |7 0  |8 C  |9 437993  |a BIBCUR  |b BIBCUR  |d 2019-11-22  |i 4680340  |o 320 HAR 2010  |p 4680340  |r 2025-04-22  |w 2019-11-22  |y BK  |k CAC